00789cam a22002291 4500001001300000003000400013005001700017008004100034010001700075035001900092040003700111042001200148050001800160082001000178100002900188245016800217260003200385300004800417500005100465500002200516700002100538af 47002019 DLC20260227110811.0810206s1944 gw 000 1 ger c aaf 47002019  a(OCoLC)7108594 aWisconsin. Univ. Libr.cICDdDLC apremarc00aPT2621.I6bS8 a928.31 aFock, Gorch,d1880-1916.10aSterne überm meer,btagebuchblätter und gedichte.cAus dem nachlass ausgewählt und mit einer lebensbeschreibung des dichters herausgegeben von Aline Bussman. aHamburg,bM. Glogau,c1944. a182 p. incl. mounted front. (port.)c18 cm. aAuthor's pseud., Gorch Fock, at head of title. a"79-90. tausend."1 aBussmann, Aline.